000 00589nam a22002057a 4500
001 00028804
005 20260416151719.0
008 260416b ag ||||| |||| 00| 0 spa d
022 _a9508920874
040 _bspa
_cAR-CcCEOS
080 _a159.922
090 _bGRI
100 _aMaria Cristina Griffa
_91072
245 _aClaves para una Psicología del Desarrollo :
_bVida prenatal. Etapas de la niñez /
_cMaria Cristina Griffa
250 _a2ª ed.
260 _aBuenos Aires :
_bLugar,
_cc2001.
300 _a310 p. ;
_c24x15 cm.
650 0 _apsicología
942 _2udc
_cBK
999 _c28840
_d28840
945 _a66467
_bMelina Rolando
_c66467
_dMelina Rolando